[Event "Backa Topola-ch"]
[Site "Backa Topola"]
[Date "2019.12.04"]
[Round "5"]
[White "Radovic, Goran"]
[Black "Radovic, Perisa"]
[Result "0-1"]
[WhiteElo "1810"]
[BlackElo "1933"]
[PlyCount "86"]
[EventDate "2019.11.25"]
[EventType "swiss"]
[EventRounds "9"]
[EventCountry "SRB"]
[SourceTitle "CBM 193 Extra"]
[Source "ChessBase"]
[SourceDate "2020.01.31"]
[SourceVersion "1"]
[SourceVersionDate "2020.01.31"]
[SourceQuality "1"]

1. d4 Nf6 2. c4 g6 3. Nc3 Bg7 4. e4 d6 5. Nf3 0-0 6. Be2 Nbd7 7. Qc2 e5 8. d5 a5 9. h3 Nc5 10. Be3 Na6 11. 0-0 Ne8 12. Qd2 f5 13. exf5 gxf5 14. Bg5 Qd7 15. Nh2 Qf7 16. f4 e4 17. Rae1 h6 18. Bh4 Bf6 19. Bf2 h5 20. g3 Kh7 21. Kh1 Nc5 22. Rg1 Rg8 23. Be3 a4 24. Nd1 Bh8 25. Rg2 a3 26. b4 Nb3 27. Qc2 Nd4 28. Bxd4 Bxd4 29. Rf1 Nf6 30. Qd2 Bb6 31. Nc3 Bd7 32. Qd1 Rg7 33. Qb3 Rag8 34. Nd1 h4 35. g4 fxg4 36. hxg4 Nxg4 37. Bxg4 Bxg4 38. Nxg4 Rxg4 39. Rxg4 Rxg4 40. f5 Rg3 41. Qc2 Rh3+ 42. Kg2 Qg7+ 43. Kxh3 Qg3# 0-1

[Event "Sombor Milicevic Memorial"]
[Site "Sombor"]
[Date "2019.10.14"]
[Round "3"]
[White "Matkovic, Simana"]
[Black "Radovic, Perisa"]
[Result "0-1"]
[WhiteElo "1932"]
[BlackElo "1958"]
[PlyCount "128"]
[EventDate "2019.10.09"]
[EventType "swiss"]
[EventRounds "9"]
[EventCountry "SRB"]
[SourceTitle "CBM 192 Extra"]
[Source "Chessbase"]
[SourceDate "2019.11.06"]
[SourceVersion "1"]
[SourceVersionDate "2019.11.06"]
[SourceQuality "1"]

1. d4 Nf6 2. Bf4 g6 3. Nf3 d6 4. h3 Bg7 5. e3 Nbd7 6. Be2 c5 7. c3 0-0 8. 0-0 b6 9. a4 a5 10. Qc2 Nd5 11. Bh2 Ba6 12. e4 Bxe2 13. Qxe2 Nc7 14. d5 Re8 15. Na3 e5 16. Nc4 Bf8 17. Bg3 Qc8 18. Bh4 Qa6 19. Rfe1 b5 20. axb5 Qxb5 21. Nxa5 Rxa5 22. Qxb5 Rxb5 23. Ra7 Rc8 24. Rb1 Kg7 25. Nd2 Nf6 26. f3 Nfe8 27. Nc4 Ra8 28. Rba1 Rbb8 29. Kf1 Rxa7 30. Rxa7 h6 31. Ke2 g5 32. Be1 Nb5 33. Ra4 Nec7 34. Bd2 Be7 35. Ne3 Kg6 36. b4 cxb4 37. cxb4 Ra8 38. Rxa8 Nxa8 39. Nc4 Bd8 40. Be3 f5 41. Kd3 fxe4+ 42. fxe4 Kf7 43. Kc2 Ke8 44. Kb3 Kd7 45. Ka4 Nc3+ 46. Kb3 Nxe4 47. b5 Nf6 48. b6 Nxb6 49. Nxb6+ Bxb6 50. Bxb6 Nxd5 51. Ba7 Nf4 52. g3 Nxh3 53. Kc4 Ke6 54. Kd3 d5 55. Ke2 d4 56. Kf1 Kd5 57. Bb6 g4 58. Ba5 e4 59. Bb4 Ng5 60. Bf8 h5 61. Bh6 Nf3 62. Bf4 e3 63. Kg2 e2 64. Be3 dxe3 0-1

[Event "Sombor Milicevic Memorial"]
[Site "Sombor"]
[Date "2019.10.09"]
[Round "1"]
[White "Pastrovic, Nenad"]
[Black "Radovic, Perisa"]
[Result "0-1"]
[WhiteElo "1554"]
[BlackElo "1958"]
[PlyCount "60"]
[EventDate "2019.10.09"]
[EventType "swiss"]
[EventRounds "9"]
[EventCountry "SRB"]
[SourceTitle "CBM 192 Extra"]
[Source "Chessbase"]
[SourceDate "2019.11.06"]
[SourceVersion "1"]
[SourceVersionDate "2019.11.06"]
[SourceQuality "1"]

1. e4 c5 2. Nf3 Nc6 3. d4 cxd4 4. Nxd4 d6 5. Nc3 g6 6. Bc4 Bg7 7. Be3 Nf6 8. Bb3 0-0 9. 0-0 a6 10. a3 Ng4 11. h3 Nxe3 12. fxe3 Nxd4 13. exd4 Qb6 14. Nd5 Qxd4+ 15. Qxd4 Bxd4+ 16. Kh1 e6 17. c3 Ba7 18. Ne7+ Kg7 19. Nxc8 Raxc8 20. Rac1 Rfe8 21. Rf3 f5 22. Rcf1 Re7 23. Re1 Kf6 24. Rd3 Rc6 25. g3 h5 26. Kg2 a5 27. Re2 Rb6 28. Ba4 fxe4 29. Rxe4 Rxb2+ 30. Kf3 Rf2# 0-1

[Event "Sombor Milicevic Memorial"]
[Site "Sombor"]
[Date "2018.10.22"]
[Round "4"]
[White "Radovic, Perisa"]
[Black "Kolompar, Ivan"]
[Result "1/2-1/2"]
[WhiteElo "1917"]
[BlackElo "2021"]
[PlyCount "58"]
[EventDate "2018.10.15"]
[EventType "swiss"]
[EventRounds "9"]
[EventCountry "SRB"]
[SourceTitle "EXT 2021"]
[Source "ChessBase"]
[SourceDate "2020.10.23"]
[SourceVersion "1"]
[SourceVersionDate "2020.10.23"]
[SourceQuality "1"]

1. d4 d5 2. c4 c6 3. g3 Nf6 4. Nf3 dxc4 5. Bg2 Nbd7 6. 0-0 e6 7. Bg5 Be7 8. Qc2 h6 9. Bxf6 Bxf6 10. Nbd2 Nb6 11. Nxc4 Nxc4 12. Qxc4 0-0 13. b4 Bd7 14. Rac1 a5 15. Ne5 Qe7 16. b5 cxb5 17. Qc7 Bc8 18. Qb6 Qd8 19. Rc7 Be7 20. Bxb7 Bxb7 21. Qxb7 Rb8 22. Qa7 Ra8 23. Qb7 Rb8 24. Qc6 Qd6 25. Rd7 Qa3 26. Qc7 Rbc8 27. Qb7 Rb8 28. Qc7 Rbc8 29. Qb7 Rb8 1/2-1/2

[Event "Sombor Milicevic Memorial"]
[Site "Sombor"]
[Date "2018.10.19"]
[Round "3"]
[White "Kurcubic, Drago"]
[Black "Radovic, Perisa"]
[Result "1/2-1/2"]
[WhiteElo "2126"]
[BlackElo "1917"]
[PlyCount "75"]
[EventDate "2018.10.15"]
[EventType "swiss"]
[EventRounds "9"]
[EventCountry "SRB"]
[SourceTitle "EXT 2021"]
[Source "ChessBase"]
[SourceDate "2020.10.23"]
[SourceVersion "1"]
[SourceVersionDate "2020.10.23"]
[SourceQuality "1"]

1. e4 c5 2. c3 Nc6 3. d4 cxd4 4. cxd4 d5 5. exd5 Qxd5 6. Nf3 Bg4 7. Be2 Rd8 8. Nc3 Qa5 9. 0-0 Nf6 10. Be3 e6 11. a3 Bd6 12. h3 Bf5 13. b4 Qc7 14. Qb3 0-0 15. Rfd1 Bf4 16. Nh4 Be4 17. Nxe4 Nxe4 18. Nf3 Ne7 19. Bc4 Nd5 20. Bxd5 Rxd5 21. Rac1 Qb8 22. Qc2 Ng5 23. Nxg5 Rxg5 24. Qd2 Bxe3 25. Qxe3 Rd5 26. Rc5 Qd6 27. Qf3 Rd8 28. Rxd5 Qxd5 29. Qxd5 Rxd5 30. Rc1 g6 31. Rc7 Rb5 32. Kf1 a5 33. bxa5 Rxa5 34. Rxb7 Rxa3 35. Ke2 Kg7 36. Rd7 Ra2+ 37. Ke3 Ra3+ 38. Ke4 1/2-1/2

[Event "Sombor Milicevic Memorial"]
[Site "Sombor"]
[Date "2018.10.15"]
[Round "1"]
[White "Stanisavljevic, Tijana"]
[Black "Radovic, Perisa"]
[Result "0-1"]
[WhiteElo "1447"]
[BlackElo "1917"]
[PlyCount "80"]
[EventDate "2018.10.15"]
[EventType "swiss"]
[EventRounds "9"]
[EventCountry "SRB"]
[SourceTitle "EXT 2021"]
[Source "ChessBase"]
[SourceDate "2020.10.23"]
[SourceVersion "1"]
[SourceVersionDate "2020.10.23"]
[SourceQuality "1"]

1. d4 e5 2. dxe5 Nc6 3. Nf3 Qe7 4. Bf4 Qb4+ 5. c3 Qxf4 6. e3 Qf5 7. Nd4 Qxe5 8. Nxc6 dxc6 9. Bc4 Be6 10. Nd2 Rd8 11. Qb3 Bxc4 12. Nxc4 Qb5 13. 0-0 Nf6 14. Qxb5 cxb5 15. Na5 Rb8 16. Rfd1 Bc5 17. b4 Bb6 18. c4 Bxa5 19. bxa5 bxc4 20. Rac1 Ke7 21. Rxc4 Rbc8 22. e4 Rhd8 23. Rb1 b6 24. axb6 cxb6 25. Ra4 Rc7 26. f3 Rd2 27. Kf1 Nd7 28. Re1 a5 29. f4 Rcc2 30. Ra3 Rf2+ 31. Kg1 Rxg2+ 32. Kh1 Rxh2+ 33. Kg1 Rxa2 34. Rxa2 Rxa2 35. Kh1 a4 36. Rg1 a3 37. Rxg7 Rb2 38. Rg1 a2 39. e5 Rb1 40. e6 Rxg1+ 0-1